Hurikány - metla i činitel rozvoje světového pojišťovnictví a zajištění

Pripravenosť poisťovní a zaisťovní na krytie škôd z tropických búrok. Sledovanie vývoja meteorologickej situácie v rizikových oblastiach. Vyspelé a ekonomicky bohaté regióny najviac postihnuté hurikánmi. Pomoc americkej vlády z Národného povodňového poistného programu. Nárast poistných a zaistných s...

Ausführliche Beschreibung

Gespeichert in:
Bibliographische Detailangaben
1. Verfasser: Škorpil, Michal
Format: Buchkapitel
Sprache:Tschechisch
Schlagworte:
Tags: Tag hinzufügen
Keine Tags, Fügen Sie das erste Tag hinzu!

MARC

LEADER 00000naa$a2200000$$$4500
001 0041559
005 20230927102721.1
041 0 |a cze 
044 |a CZ 
245 1 0 |a Hurikány - metla i činitel rozvoje světového pojišťovnictví a zajištění  |c Michal Škorpil 
520 |a Pripravenosť poisťovní a zaisťovní na krytie škôd z tropických búrok. Sledovanie vývoja meteorologickej situácie v rizikových oblastiach. Vyspelé a ekonomicky bohaté regióny najviac postihnuté hurikánmi. Pomoc americkej vlády z Národného povodňového poistného programu. Nárast poistných a zaistných sadzieb u krytí katastrofických rizík v dôsledku škôd pôsobených tropickými búrkami v USA a Strednej Amerike. 
610 2 0 |a poistenie 
610 2 0 |a zaistenie 
610 2 0 |a poisťovne 
610 2 0 |a zaisťovne 
610 2 0 |a poisťovatelia 
610 2 0 |a poistníci 
610 2 0 |a plnenie poistné 
610 2 0 |a náhrada škody 
610 2 0 |a riziko poistné 
610 2 0 |a svet 
610 2 0 |a USA 
100 1 |a Škorpil, Michal